Service oriented computing: (Record no. 4449)
[ view plain ]
| 000 -LEADER | |
|---|---|
| fixed length control field | 00646nam a22002177a 4500 |
| 003 - CONTROL NUMBER IDENTIFIER | |
| control field | OSt |
| 005 - DATE AND TIME OF LATEST TRANSACTION | |
| control field | 20220107122755.0 |
| 008 - FIXED-LENGTH DATA ELEMENTS--GENERAL INFORMATION | |
| fixed length control field | 140426b xxu||||| |||| 00| 0 eng d |
| 020 ## - INTERNATIONAL STANDARD BOOK NUMBER | |
| International Standard Book Number | 9788126526246 |
| 040 ## - CATALOGING SOURCE | |
| Transcribing agency | IIITM-K |
| 082 ## - DEWEY DECIMAL CLASSIFICATION NUMBER | |
| Classification number | 004.678 SIN/S;1 |
| 100 ## - MAIN ENTRY--PERSONAL NAME | |
| Personal name | Singh, Munindar P |
| 9 (RLIN) | 4619 |
| 245 ## - TITLE STATEMENT | |
| Title | Service oriented computing: |
| Remainder of title | Semantics, processes agents |
| Statement of responsibility, etc. | by Munindar P Singh; Michael N Huhns |
| 260 ## - PUBLICATION, DISTRIBUTION, ETC. | |
| Place of publication, distribution, etc. | New Delhi, |
| Name of publisher, distributor, etc. | Wiley, |
| Date of publication, distribution, etc. | 2013. |
| 300 ## - PHYSICAL DESCRIPTION | |
| Extent | xxxviii, 549p. |
| 650 ## - SUBJECT ADDED ENTRY--TOPICAL TERM | |
| Topical term or geographic name entry element | WEB TECHNOLOGY |
| 9 (RLIN) | 4620 |
| 650 ## - SUBJECT ADDED ENTRY--TOPICAL TERM | |
| Topical term or geographic name entry element | SEMANTIC WEB |
| 9 (RLIN) | 4621 |
| 650 ## - SUBJECT ADDED ENTRY--TOPICAL TERM | |
| Topical term or geographic name entry element | SERVICE ORIENTED COMPUTING |
| 9 (RLIN) | 4622 |
| 700 ## - ADDED ENTRY--PERSONAL NAME | |
| Personal name | Huhns, Michael N |
| 9 (RLIN) | 4623 |
| 942 ## - ADDED ENTRY ELEMENTS (KOHA) | |
| Source of classification or shelving scheme | Dewey Decimal Classification |
| Koha item type | Books |
| Withdrawn status | Lost status | Source of classification or shelving scheme | Damaged status | Not for loan | Collection code | Home library | Current library | Shelving location | Date acquired | Cost, normal purchase price | Total Checkouts | Full call number | Barcode | Date last seen | Price effective from | Koha item type |
|---|---|---|---|---|---|---|---|---|---|---|---|---|---|---|---|---|
| Dewey Decimal Classification | Computer Network / Data Communication | Kerala University of Digital Sciences, Innovation and Technology Knowledge Centre | Kerala University of Digital Sciences, Innovation and Technology Knowledge Centre | Computer Science | 27/08/2014 | 532.00 | 004.678 SIN/S;1 | 4015 | 03/12/2020 | 27/08/2014 | Books |